000 00412nam a2200181Ia 4500
001 24197
005 20260414151027.0
008 260414t2015||||xx |||||||||||||| ||spa||
041 _aESP
082 _a792.028
_bB46
100 _aBerry, Cicely
_eAUT
245 0 _aLa voz y el actor
_b
260 _c2015
300 _a286 páginas :
_c21 cm.
650 _aABD
654 _aCAU
942 _cLIB
_dJUS
_fJUS
_2ddc
_n
999 _c24197
_d24197